| 000 | 00702nam a2200229Ia 4500 | ||
|---|---|---|---|
| 003 | OSt | ||
| 005 | 20250603103841.0 | ||
| 008 | 210716s2005 xx 000 0 und d | ||
| 020 | _a70603650 | ||
| 040 | _cAIMIT LIBRARY | ||
| 041 | _aeng | ||
| 082 |
_a006.671 _21 _bWISE |
||
| 100 |
_aWise, Edwin. _9212494 |
||
| 245 |
_aHands- on ai with java : _bsmart gaming robotics and more / _cBy Edwin Wise. |
||
| 250 | _a1st ed. | ||
| 260 |
_aNew Delhi : _bTata McGraw Hill Publishing Company Ltd , _c2005. |
||
| 300 |
_aix,340p. ; _bPB _c24.3 cm |
||
| 650 |
_aControl system _9212495 |
||
| 650 |
_aDiscrete searching _9212496 |
||
| 650 |
_aThinking logically _9212497 |
||
| 942 |
_2ddc _cBK _e1st _k006.671 WISE |
||
| 999 |
_c187444 _d187444 |
||